000
00262nmm a2200085Ia 4500
008
220120s9999||||xx |||||||||||||||||und||
100
_a
Open source for you
245
0
_a
Zorin OS 15; (core) , Fedora 30, security lab.
260
_a
Coorg Institute of Technology
_c
43647
999
_c
140101
_d
140101